[Event "Anna Akulov Memorial op"]
[Site "Anna"]
[Date "2012.10.13"]
[Round "4"]
[White "Titov, Sergey"]
[Black "Bakhtin, Alexander"]
[Result "1/2-1/2"]
[WhiteElo "1987"]
[BlackElo "1745"]
[PlyCount "52"]
[EventDate "2012.10.12"]
[EventType "swiss"]
[EventRounds "9"]
[EventCountry "RUS"]
[SourceTitle "EXT 2013"]
[Source "ChessBase"]
[SourceDate "2012.11.22"]
[SourceVersion "1"]
[SourceVersionDate "2012.11.22"]
[SourceQuality "1"]

1. e4 d6 2. Nf3 g6 3. d4 Bg7 4. c4 Bg4 5. Nc3 Nd7 6. Be2 c5 7. d5 Bxf3 8. gxf3 Ngf6 9. Be3 a6 10. Qd2 h5 11. 0-0 0-0 12. Kh1 Rb8 13. Rg1 Qa5 14. a4 Ne5 15. f4 Neg4 16. h3 Nxe3 17. Qxe3 Kh7 18. e5 Nd7 19. Bd3 dxe5 20. f5 Qb6 21. fxg6+ fxg6 22. Rxg6 Qxg6 23. Bxg6+ Kxg6 24. Rg1+ Kh7 25. Ne4 Rf4 26. Qg3 Rf7 1/2-1/2

[Event "St Petersburg Blockade op"]
[Site "St Petersburg"]
[Date "2011.01.03"]
[Round "1"]
[White "Palchun, Grigory"]
[Black "Bakhtin, Alexander"]
[Result "1-0"]
[WhiteElo "2144"]
[BlackElo "1793"]
[PlyCount "97"]
[EventDate "2011.01.03"]
[EventType "swiss"]
[EventRounds "9"]
[EventCountry "RUS"]
[SourceTitle "CBM 140 Extra"]
[Source "ChessBase"]
[SourceDate "2011.03.01"]
[SourceVersion "1"]
[SourceVersionDate "2011.03.01"]
[SourceQuality "1"]

1. e4 e5 2. Nf3 Nc6 3. Bb5 a6 4. Ba4 Nf6 5. 0-0 Be7 6. Re1 b5 7. Bb3 d6 8. c3 0-0 9. h3 Na5 10. Bc2 c5 11. d4 Qc7 12. Nbd2 Bd7 13. d5 Rfc8 14. Nf1 b4 15. Ne3 Nb7 16. Bd2 a5 17. Nh4 Nxe4 18. Bxe4 Bxh4 19. Qh5 Bxf2+ 20. Kxf2 g6 21. Qh6 f5 22. Bc2 Qb6 23. Nc4 Qc7 24. Bg5 Bb5 25. Ne3 c4 26. Kg1 Nc5 27. Rf1 b3 28. Bxf5 gxf5 29. Nxf5 Re8 30. Nxd6 Rf8 31. Nxb5 Qd7 32. Qc6 Qxc6 33. dxc6 Rxf1+ 34. Kxf1 Ne4 35. c7 Rc8 36. Bd8 Kf7 37. Na7 Ra8 38. c8Q Rxc8 39. Nxc8 a4 40. Ke2 Nc5 41. Nd6+ Ke6 42. Nxc4 e4 43. axb3 axb3 44. Ke3 Kd5 45. Nd2 Nd3 46. c4+ Ke5 47. Bc7+ Kf5 48. g4+ Kg5 49. Nxe4+ 1-0

[Event "St Petersburg Autumn op"]
[Site "St Petersburg"]
[Date "2010.10.17"]
[Round "2"]
[White "Bakhtin, Alexander"]
[Black "Gerasimov, Aleksander"]
[Result "1/2-1/2"]
[WhiteElo "1810"]
[BlackElo "2264"]
[PlyCount "89"]
[EventDate "2010.10.16"]
[EventType "swiss"]
[EventRounds "9"]
[EventCountry "RUS"]
[SourceTitle "EXT 2011"]
[Source "ChessBase"]
[SourceDate "2010.11.26"]
[SourceVersion "1"]
[SourceVersionDate "2010.11.26"]
[SourceQuality "1"]

1. e4 c5 2. Nf3 e6 3. d4 cxd4 4. Nxd4 Qb6 5. Nb3 Qc7 6. Nc3 a6 7. Bd3 b5 8. a3 Bb7 9. 0-0 Nf6 10. Re1 Bd6 11. g3 Be7 12. Bf4 e5 13. Bg5 0-0 14. Bxf6 Bxf6 15. Qd2 d6 16. Rad1 Be7 17. Bf1 Nd7 18. Bg2 Nf6 19. Nd5 Nxd5 20. exd5 f5 21. Na5 Rac8 22. Nxb7 Qxb7 23. c3 Rf6 24. Qd3 g5 25. Qe3 Rg6 26. Qd3 Rf8 27. b4 Kh8 28. c4 f4 29. Be4 Rh6 30. c5 Qd7 31. cxd6 Bxd6 32. Bg2 Rhf6 33. Rf1 f3 34. Bh1 Qh3 35. Rfe1 g4 36. Qf1 Qh5 37. h4 gxh3 38. Kh2 Qg4 39. Qxh3 Qxh3+ 40. Kxh3 Rh6+ 41. Kg4 Rg6+ 42. Kh3 Rh6+ 43. Kg4 Rg6+ 44. Kh3 Rh6+ 45. Kg4 1/2-1/2